000 00485nam a2200169Ia 4500
003 IN-BaIIA
008 211028s9999 xx 000 0 eng d
040 _cIIA Library
080 _a92(5)
_bREF-3
100 _aGupta, K. L
_910455
245 0 _aReference Asia
_bvol. III
_cK. L. Gupta
260 _aDelhi
_bTradesman and Men
_c1976
300 _a[various pagings.]
650 _aAstronomy and astrophysics thesaurus
650 _aDirectory - International traders
_910456
942 _cBK
999 _c6027
_d6027